[Event "Bundesliga 1112"]
[Site "Germany"]
[Date "2011.11.20"]
[Round "5.6"]
[White "Kasimdzhanov, Rustam"]
[Black "Teske, Henrik"]
[Result "1-0"]
[WhiteElo "2678"]
[BlackElo "2547"]
[Annotator "RR"]
[PlyCount "79"]
[EventDate "2011.10.14"]
[EventType "team-tourn"]
[EventRounds "15"]
[EventCountry "GER"]
[SourceTitle "CBM 146"]
[Source "ChessBase"]
[SourceDate "2012.01.18"]
[SourceVersion "1"]
[SourceVersionDate "2012.01.18"]
[SourceQuality "1"]
[WhiteTeam "Baden-Baden"]
[BlackTeam "Remagen"]
[WhiteTeamCountry "GER"]
[BlackTeamCountry "GER"]

1. d4 d5 2. c4 e6 3. Nc3 Nf6 4. Nf3 c5 5. cxd5 Nxd5 6. e4 Nxc3 7. bxc3 cxd4 8.
cxd4 Bb4+ 9. Bd2 Bxd2+ 10. Qxd2 O-O 11. Bc4 b6 12. O-O Nd7 13. Rad1 Bb7 14.
Rfe1 Rc8 15. Bb3 Qf6 16. Qe3 Rfd8 17. d5 exd5 18. e5 Qh6 19. Qxh6 gxh6 20. Nd4
Rc3 21. Nb5 Rc5 22. Nd6 Bc6 23. f4 a5 24. Rd3 b5 $6 (24... Kf8 25. Rh3 Nf6 $14)
25. Nf5 $6 (25. Rg3+ Kf8 26. Nf5 $18) 25... a4 26. Bd1 Rc4 27. Nd4 $6 (27. Rg3+
Kh8 28. Nxh6 $18) 27... Nb8 28. f5 Be8 29. e6 fxe6 30. Nxe6 Rdc8 31. Rxd5 Rc1
32. Kf2 Na6 33. Nd8 Kf8 34. Ne6+ Kg8 35. Nd8 Kf8 36. f6 Nc7 37. Rd2 Rb8 $2 (
37... Bg6 38. Rd7 $14) 38. f7 $18 Bc6 39. Rd6 Bd5 40. Rxd5 $1 1-0

[Event "Vandoeuvre op 11th"]
[Site "Vandoeuvre"]
[Date "2014.12.26"]
[Round "2"]
[White "Valles, Manuel"]
[Black "Cornette, Matthieu"]
[Result "1/2-1/2"]
[WhiteElo "2379"]
[BlackElo "2571"]
[Annotator "RR"]
[PlyCount "54"]
[EventDate "2014.12.26"]
[EventType "swiss"]
[EventRounds "9"]
[EventCountry "FRA"]
[SourceTitle "EXT 2017"]
[Source "ChessBase"]
[SourceDate "2016.10.25"]
[SourceVersion "1"]
[SourceVersionDate "2016.10.25"]
[SourceQuality "1"]

1. d4 {90} Nf6 2. c4 e6 3. Nc3 d5 4. Nf3 c5 5. cxd5 cxd4 $5 {Cette variante a
longtemps été considérée comme un peu douteuse mais récemment elle est
devenue assez populaire à haut niveau. Romain EDOUARD l'utilise d'ailleurs
assez régulièrement.} 6. Qxd4 (6. Qa4+ {L'alternative} Bd7 7. Qxd4 {[%csl
Rb8]} exd5 8. Bg5 Nc6) 6... exd5 7. e4 $1 {87} (7. Bg5 Be7 8. e3 (8. Rd1) 8...
Nc6 9. Bb5 O-O 10. Bxc6 bxc6 11. O-O {Mamedyarov,S (2722)-Pinter,J (2532)
Mainz Ordix op 13th rapid 2006 (4) 1-0}) 7... Nc6 {91} 8. Bb5 dxe4 $1 {Ce coup
est probablement à l'origine de la réhabilitation de cette variante 4. cd4
car il conduit à des positions assez plates où l'avantage Blanc est très
minime.} (8... Nxe4 9. O-O Nf6 {Geller,E-Keres,P Candidates Tournament 1953 
(23) 0-1}) 9. Qxd8+ Kxd8 10. Ng5 {88} Be6 {92 Continuant de jouer à tempo} 11.
O-O (11. Nxe6+ fxe6 12. Bxc6 bxc6 13. Bg5 (13. Ke2 $14)) 11... Bb4 12. Ncxe4 {
81} Nxe4 {93} 13. Nxe4 Ke7 14. Be3 Rhd8 {[%cal Ge7f8]} 15. Nc5 (15. Ba4 Kf8 {
Lenic,L (2637)-Edouard,R (2653) EU-chT (Men) 19th 2013 (1.2) 1/2}) 15... Bxc5
16. Bxc5+ {85} Kf6 {92 Les deux adversaires continuent de suivre la
préparation maison} 17. Rfc1 Nd4 {Le GMI reprend une partie qu'il avait
jouée quelques semaines plus tôt.} 18. Bf1 b6 $146 {[%csl Ra6,Rc6,Rc8]
Chasse le B de cases Noires mais au détriment d'un petit affaiblissement des
cases Blanches} (18... Rac8 19. b3 {Stefansson,H (2549)-Cornette,M (2548)
ISL-chT 1415 2014 (1.1) 1/2}) 19. Bb4 a5 20. Bc3 Kg6 21. Rd1 Nc6 22. Rac1 {
[%cal Gc3g7]} Nb4 23. Bd4 Rd6 24. Be5 Rxd1 25. Rxd1 Bxa2 26. Rd6+ f6 27. Bd4
Rb8 {Suite illisible et nulle au 63ème coup} 1/2-1/2

[Event "URS-sf Russia-ch"]
[Site "Gorky"]
[Date "1989.??.??"]
[Round "?"]
[White "Makarov, Marat"]
[Black "Kuporosov, Viktor"]
[Result "1/2-1/2"]
[WhiteElo "2505"]
[BlackElo "2445"]
[Annotator "Ribli,Z"]
[PlyCount "47"]
[EventDate "1989.11.??"]
[EventType "tourn"]
[EventRounds "13"]
[EventCountry "URS"]
[EventCategory "7"]
[SourceTitle "CBM 016"]
[Source "ChessBase"]
[SourceDate "1990.06.01"]
[SourceVersion "1"]
[SourceVersionDate "1990.06.01"]
[SourceQuality "1"]

1. Nf3 Nf6 2. c4 c5 3. Nc3 Nc6 4. g3 d5 5. d4 $5 cxd4 (5... dxc4 6. d5 Na5 7.
e4 b5 8. Nxb5 Nxe4 9. Ne5 {Tal-Timman  Hilversum m(5) 1988 46/60  +/-}) 6. Nxd4
e6 7. cxd5 {7.Bg2!?} Nxd5 8. Nxc6 {8.Bg2!?} bxc6 9. Bg2 Bb4 10. O-O O-O 11. Qc2
Qb6 12. Ne4 h6 13. Bd2 {13.b3 /\ Bb2} Rb8 14. b3 c5 15. Bf4 Nxf4 16. gxf4 Bb7
17. Ng3 Ba6 18. a3 Ba5 19. Rab1 Rfd8 20. f5 exf5 21. Qxf5 Bc3 22. Bd5 Qf6 23.
Qxf6 Bxf6 24. Rfd1 1/2-1/2

[Event "Bundesliga 0405"]
[Site "Germany"]
[Date "2004.11.28"]
[Round "4.3"]
[White "Rustemov, Alexander"]
[Black "Levin, Felix"]
[Result "0-1"]
[WhiteElo "2602"]
[BlackElo "2498"]
[Annotator "Ribli,Z"]
[PlyCount "118"]
[EventDate "2004.11.12"]
[EventType "team-tourn"]
[EventRounds "15"]
[EventCountry "GER"]
[SourceTitle "CBM 105"]
[Source "ChessBase"]
[SourceDate "2005.04.11"]
[SourceVersion "1"]
[SourceVersionDate "2005.04.11"]
[SourceQuality "1"]
[WhiteTeam "Wattenscheid"]
[BlackTeam "Muelheim Nord"]
[WhiteTeamCountry "GER"]
[BlackTeamCountry "GER"]

1. d4 Nf6 2. Nf3 d5 3. c4 e6 4. Nc3 dxc4 {Das ist die sogenannte Wiener
Variante des Damengambits, die gewöhnlich zu lebendigem Figurenspiel mit
scharfem, taktischem Kampf führt.} 5. e4 Bb4 6. Bg5 c5 7. e5 {Dieser Zug wird
heutzutage selten gespielt, die Alternative 7.Bxc4 ist viel populärer.} h6 {
Dieser Zug führt zu positionellem Spiel; wirkliche Komplikationen entstehen
nach} (7... cxd4 $5) 8. Bd2 (8. exf6 hxg5 9. fxg7 Rg8) 8... Bxc3 9. bxc3 Ne4
10. Bxc4 O-O (10... Bd7 11. d5 O-O 12. O-O exd5 13. Bxd5 Bc6 14. Bxe4 Bxe4 15.
Be3 Qxd1 16. Rfxd1 b6 17. Rd6 Rc8 18. Nd2 Bf5 19. h3 h5 20. Bg5 $5 $14 {
1-0 Dreev,A-Piket,J/Wijk aan Zee 2002/[Dreev,A] (41)}) 11. O-O Nxd2 $5 {
Das ist die logische Fortsetzung, da Schwarz sonst mit Be1 rechnen muss,
wonach Weiß das Läuferpaar besitzt.} (11... Nc6 12. Be1 $14) 12. Qxd2 Nc6 13.
Bd3 (13. Qf4) 13... cxd4 14. cxd4 b6 15. Be4 (15. Qf4 Bb7 16. Qe4 (16. d5 Qxd5
17. Rfd1 Rad8 $1 18. Bh7+ Kxh7 19. Rxd5 Rxd5 $15 {1/2-1/2 Genov,P-Ivanov,S/
Berlin 1993(59)}) 16... g6 17. Qf4 Nb4 $5 (17... Kg7 $5) 18. Qxh6 (18. Bb1 Bxf3
19. gxf3 Qg5+ 20. Qxg5 hxg5 $10) 18... Bxf3 19. Bxg6 fxg6 20. Qxg6+ Kh8 21.
Qh6+ {1/2-1/2 Khalifman,A-Magem B,J/Dos Hermanas 1993/CBM 36/[Ftacnik]}) 15...
Bb7 $11 {Weiß hat Raumvorteil im Zentrum, aber die schwarze Stellung ist sehr
fest und im folgenden kann er das Feld d5 besetzen.} 16. Rad1 {Statt dieser
Fortsetzung hätte Weiß die Stellung mit 16.d5 vereinfachen können.} (16. d5 Na5
(16... Ne7 17. d6 Bxe4 18. Qb4 $14 {[%cal Rb4e4,Rd6e7,Re7d8,Re7f8]}) 17. Rad1
exd5 18. Bxd5 Bxd5 19. Qxd5 Qxd5 20. Rxd5 $11) 16... Rb8 {[%mdl 32] Schwarz
verteidigt den Läufer und möchte 17...Ne7 vorbereiten.} 17. Rfe1 Ne7 $1 {
[%csl Yd5][%cal Ge7d5] Schwarz möchte den Läufer tauschen und das Feld d5
besetzen.} 18. h4 (18. Bb1 Bxf3 19. Qd3 f5 20. Qxf3 (20. exf6 Rxf6 21. gxf3 Qd6
$17) 20... Nd5 $11) 18... Bxe4 19. Rxe4 Rc8 $15 {[%cal Ge7d5,Gc8c1] Sichert
Schwarz die Herrschaft über die c-Linie und kontrolliert das Schlüsselfeld d5.
Weiß verfügt zwar über einige Initiative am Königsflügel, aber keine konkreten
Drohungen.} 20. Rg4 Kh8 (20... Nf5 21. d5 $11) 21. h5 Qc7 {[%cal Gc8c2]
Schwarz möchte 22...Qc2 ziehen, mit der Idee, die Damen zu tauschen.} 22. Ne1
Nd5 (22... Qc3 $15) 23. Kh2 Qc4 24. Rg3 Nc3 {[%csl Gc3,Gc4,Gc8] Schwarz hat
ausgezeichnetes Figurenspiel. Weiß hingegen verfügt über keine aktiven
Möglichkeiten; er kann nur abwarten.} 25. Rc1 Qe2 26. Qxe2 (26. Qc2 Qxc2 27.
Rxc2 Nd5 $15) 26... Nxe2 27. Rxc8 Rxc8 {[%csl Rd4][%cal Gc8c1][%mdl 4096]
Schwarz hat ein besseres Endspiel errreicht - er kontrolliert die c-Linie und
der d4P ist auch schwach.} 28. Ra3 a5 (28... Rc7 $15) 29. Rb3 Rc6 (29... Nxd4
$143 30. Rxb6 Rc1 31. Nd3 Rc3 $15) 30. Nf3 Nc3 31. a3 Nd5 {[%csl Gc6,Gd5]} 32.
Nd2 Rc2 33. Ne4 f5 $1 34. exf6 gxf6 35. Rg3 (35. f3 a4 (35... Kg7 $17) 36. Rd3
Rb2 $17 {[%cal Gb2b3,Gb3a3,Gb3d3]}) 35... f5 $17 36. Nd6 Rxf2 {Schwarz besitzt
einen Bauern mehr und eine überlegene Stellung.} 37. Rg6 {[%cal Rg6e6,Rg6h6]}
Nf4 38. Rf6 (38. Rxh6+ Kg7 $19 {[%csl Rh6]}) 38... Rxg2+ 39. Kh1 Rg5 40. Rf8+ (
40. Rxh6+ Kg7 41. Rh8 Kxh8 (41... Rg3 $19) 42. Nf7+ Kg7 43. Nxg5 b5 $19) 40...
Kh7 41. Rf7+ Rg7 42. Rf8 Rd7 43. Nb5 Nxh5 $19 44. Kg2 Kg7 45. Re8 Kf7 46. Rh8
Kg6 47. Re8 Nf4+ 48. Kf3 Kg5 49. Rg8+ Ng6 50. Rb8 e5 51. dxe5 (51. Rxb6 exd4
$19) 51... Nxe5+ 52. Ke2 Nc4 53. Rc8 Rd2+ 54. Ke1 Rb2 55. a4 (55. Rxc4 Rxb5 $19
) 55... Ne5 56. Rf8 f4 57. Nd4 Rb4 58. Rg8+ Kf6 59. Rf8+ Ke7 0-1

[Event "Interzonal-16"]
[Site "Biel"]
[Date "1993.??.??"]
[Round "3"]
[White "Georgiev, Kiril"]
[Black "Portisch, Lajos"]
[Result "1/2-1/2"]
[WhiteElo "2660"]
[BlackElo "2585"]
[Annotator "Ribli,Z"]
[PlyCount "41"]
[EventDate "1993.07.16"]
[EventType "swiss"]
[EventRounds "13"]
[EventCountry "SUI"]
[SourceTitle "CBM 037"]
[Source "ChessBase"]
[SourceDate "1993.12.01"]
[SourceVersion "1"]
[SourceVersionDate "1993.12.01"]
[SourceQuality "1"]

1. c4 c5 2. Nf3 Nf6 3. Nc3 Nc6 4. g3 d5 5. d4 e6 $5 (5... Bf5 $5 {Horvath,
Jo-Sax,G/Odorheiu Secuiesc/1993/CBM36/}) 6. cxd5 Nxd5 7. Bg2 cxd4 8. Nxd4 Nxc3
9. bxc3 Nxd4 10. cxd4 (10. Qxd4 Qxd4 11. cxd4 Bb4+ 12. Bd2 Bxd2+ 13. Kxd2 Kd8
$1 14. Rhc1 Re8 $10) 10... Bb4+ 11. Bd2 Qxd4 12. Rb1 a5 (12... Bxd2+ 13. Qxd2
Qxd2+ 14. Kxd2 Rb8 15. Rhc1 Kd8 16. Rb3 $44) 13. Qc2 O-O 14. Bxb4 axb4 15. O-O
Qc3 16. Rfc1 Qxc2 17. Rxc2 Rd8 18. h4 Ra4 19. Rbb2 Kf8 20. Rc7 e5 21. Bd5
1/2-1/2

[Event "Lee Cup 4th"]
[Site "Beijing"]
[Date "1997.09.04"]
[Round "11"]
[White "Landa, Konstantin"]
[Black "Yu, Shaoteng"]
[Result "1/2-1/2"]
[WhiteElo "2560"]
[BlackElo "2400"]
[Annotator "Ribli,Z"]
[PlyCount "50"]
[EventDate "1997.08.23"]
[EventType "swiss"]
[EventRounds "11"]
[EventCountry "CHN"]
[SourceTitle "CBM 061"]
[Source "ChessBase"]
[SourceDate "1997.11.23"]
[SourceVersion "1"]
[SourceVersionDate "1997.11.23"]
[SourceQuality "1"]

1. Nf3 Nf6 2. g3 b6 3. Bg2 Bb7 4. O-O e6 5. c4 Be7 6. Nc3 O-O 7. Re1 {Ein bei
Kramnik und Akopian sehr beliebter Zug.} d5 {Die andere Möglichkeit ist 7...c5
mit Igelstellung.} (7... Ne4 8. Nxe4 Bxe4 9. d3 Bb7 10. e4 (10. d4 Be4 11. Bf4
$5 Bf6 12. Qd2 d6 13. Rad1 Nd7 14. Qe3 d5 $6 15. b4 $14 c6 16. Rc1 {1/2-1/2
Hjartarson,J-Stefansson,H/ISL-ch plof 1995 (26)}) 10... c5 11. d4 d6 12. b3 Nd7
13. Bb2 a6 14. Qd2 Qc7 $13 {Tregubov,P-Stefansson,H/Linares op/1996/EXP51/}) 8.
cxd5 Nxd5 (8... exd5 {Schwarz spielt eigentlich Damenindisch. Dort macht der
Zug Re1 wenig Sinn, aber - was wichtiger ist - der Bb7 ist eingeschlossen und
steht daher schlecht.} 9. d4 {siehe E17}) 9. e4 (9. Nxd5 exd5 10. d4 Nd7 11.
Qa4 $5 c5 12. Rd1 a6 13. dxc5 Nxc5 14. Qg4 Qc8 15. Qh5 Qe6 {1/2-1/2 Akopian,
V-Gulko,B/Erevan 1996 (36)}) (9. d4 Nxc3 10. bxc3 Be4 $5 11. Ne5 Bxg2 12. Kxg2
c5 13. e4 Bf6 14. Nf3 cxd4 15. cxd4 Nc6 16. Be3 Qd7 $10 {Eriksson,
Mag-Rosentalis,E/Malmo/1993/}) 9... Nxc3 10. bxc3 Nc6 (10... c5 11. d4 {
[%csl Yd4,Ye4]} Nd7 $5 12. Bf4 Nf6 13. Qd3 cxd4 14. cxd4 Bb4 15. Nd2 Rc8 16.
Rec1 Rxc1+ 17. Rxc1 Qa8 18. f3 Rc8 19. Nc4 Ba6 20. Bf1 Rd8 21. Qb3 {Anand,
V-Tiviakov,S/Wijk 1996/1-0 (107)}) 11. d4 Na5 12. Bf4 $5 (12. Ne5 Bd6 13. f4
Qe8 14. Be3 Rd8 15. Bf2 c5 16. Qe2 Qa4 17. dxc5 bxc5 18. Rab1 Rc8 19. Qd1 Qxd1
20. Rexd1 Bxe5 21. fxe5 a6 {1/2-1/2 Kramnik,V-Karpov,A/Amber-rapid6th 1997/EXP
57 (36)}) 12... c5 $5 $146 (12... Bd6 13. Ne5 Qe8 (13... Qe7 14. Qg4 f6 15. Nf3
Ba3 16. Bc1 Rae8 17. Nh4 Bxc1 18. Raxc1 Qa3 19. Qe2 c5 20. Bh3 Qa4 21. Rcd1 Bc6
22. d5 exd5 23. Qh5 Re5 24. Bf5 $36 {Kramnik,V-Ivanchuk,V/Amber-blind6th 1997/
EXP 57/1-0 (41)}) 14. Nd3 Rd8 15. Qg4 {1-0 Akopian,V-Salov,V/Torneo Magistral
6th 1997/CBM 59/[Ribli] (54)}) (12... Rc8 13. h4 Bd6 14. Bg5 Qe8 15. a4 Kh8 16.
Nd2 f6 17. Be3 e5 18. Nb3 Nxb3 19. Qxb3 a5 20. d5 Ba6 {1/2-1/2 Jackelen,
T-Pezerovic,E/BL9394 1994/BL 90 (28)}) (12... Re8 $5) 13. Qe2 $6 (13. d5 $5
exd5 14. exd5 Bd6 (14... Bxd5 $2 15. Rxe7 Qxe7 16. Qxd5 $16) 15. Ne5 $36 {
[%csl Rc6,Gd5,Ge5] Meiner Meinung nach besitzt Weiß eine chancenreiche
Stellung.Ribli.}) 13... Rc8 (13... Re8 14. Rad1 cxd4 15. cxd4 Rc8 $5) 14. d5 (
14. Rad1 cxd4 15. cxd4 {[%cal Gc8c1]}) 14... exd5 15. Rad1 (15. exd5 {In
solchen Varianten sind zwei Möglichkeiten offen: 1.Der Pd5 ist stark und
entscheidet die Partie im Mittelspiel. Oder 2. Schwarz kann den Bauern gut
blockieren und - besonders im Endspiel - umstellen.Ribli.} Bf6) 15... Re8 16.
e5 $13 (16. exd5 Bxd5 $2 (16... Bf6 17. Qxe8+ Qxe8 18. Rxe8+ Rxe8 19. d6 Bc6
$15 (19... Bxc3 $2 20. d7 Rd8 21. Bc7 $16)) (16... Bf8 17. Qxe8 Qxe8 18. Rxe8
Rxe8 19. Ne5 {[%csl Rc6,Ge5]}) 17. Ne5 {Diese Feßlung ist tödlich für Schwarz.
Ribli.}) 16... Qd7 {Gegen 17.Bh3 gerichtet.Ribli.} (16... Bf8 17. Bh3 $44) 17.
h4 {Weiß bereitet 18.Kh2, was ihm 19.Bh3 erlaubt. Ich glaube, daß die weiße
Kompensation nicht ganz ausreichend ist.Ribli.} Rcd8 $15 18. Kh2 Nc4 19. Bh3
Qc6 20. Bg2 {Das ist eigentlich ein Remisangebot!Ribli.} (20. e6 Bf6 21. Ng5 (
21. exf7+ Kxf7 22. Ng5+ Bxg5 23. Qh5+ Kg8 24. Bxg5) 21... Bxg5 22. Bxg5 f6 $13)
20... b5 21. h5 h6 22. Nd2 Nb6 (22... Nxd2 $5 23. Rxd2 a6 (23... Bc8 $15 {
[%cal Gc8e6]}) 24. Qg4 (24. Red1 $44) 24... Bc8) 23. Nb3 {[%cal Gb3a5]} Nc4 24.
Nd2 Nb6 (24... Bc8 25. Nxc4 bxc4 26. Rd2 (26. Rxd5 $2 Rxd5 27. Qxc4 Be6 28. Rd1
Rxd1) 26... Be6 27. Red1 Rd7 28. Qxc4 dxc4 29. Bxc6 Rxd2 30. Rxd2 $14) 25. Nb3
Nc4 {Und Remis durch Zugwiederholung.Ribli.} 1/2-1/2

[Event "WchT 8th"]
[Site "Ningbo"]
[Date "2011.07.26"]
[Round "9.2"]
[White "Onischuk, Alexander"]
[Black "Roiz, Michael"]
[Result "1/2-1/2"]
[WhiteElo "2675"]
[BlackElo "2669"]
[Annotator "Roiz,M"]
[PlyCount "105"]
[EventDate "2011.07.17"]
[EventType "team-tourn"]
[EventRounds "9"]
[EventCountry "CHN"]
[SourceTitle "CBM 144"]
[Source "ChessBase"]
[SourceDate "2011.09.16"]
[SourceVersion "1"]
[SourceVersionDate "2011.09.16"]
[SourceQuality "1"]
[WhiteTeam "US of America"]
[BlackTeam "Israel"]
[WhiteTeamCountry "USA"]
[BlackTeamCountry "ISR"]

1. d4 Nf6 2. c4 e6 3. Nf3 d5 4. Nc3 c5 {A little surprise, as I hadn't played
it since 2004.} 5. cxd5 Nxd5 6. e4 (6. e3 {is what Alexander played 10-15
years ago...}) 6... Nxc3 7. bxc3 cxd4 8. cxd4 Bb4+ 9. Bd2 Bxd2+ 10. Qxd2 O-O
11. Bc4 Nd7 {This way of development has become more and more popular recently.
The knight is closer to the king side and may put some pressure on White's
centre as well.} 12. O-O b6 13. Rad1 Bb7 14. d5 {The last round was played in
the morning after a very tough tournament. Generally that choice was quite
predictable, since it forces some simplifications which practically prevent
any risk for White. Frankly speaking, it looks like Black shouldn't experience
any problems now.} (14. Rfe1 Rc8 15. Bd3 {leads to a much more complex game.} (
{or} 15. Bb3)) 14... exd5 {After some homework I came to the conclusion that
this natural capture is the most solid.} ({Another possible continuation was:} 
14... Nc5 15. Qf4 Qf6 16. Qxf6 gxf6 17. Nd4 Rfc8 18. dxe6 Nxe6 19. Bb3 Nxd4 20.
Rxd4 Rc7 21. Rfd1 Re8 22. Rd7 {1/2 Giri,A (2588)-Naiditsch,A (2687)/Wijk aan
Zee 2010/CBM 135}) 15. Bxd5 Nc5 16. Qf4 Qb8 $1 {Still following my preparation.
White's queen should be removed from f4, as there it takes control of the
important d6-spot and exerts unpleasant pressure on my king.} (16... Qe7 $143
17. Nd4 Bxd5 18. exd5 Qe4 19. Qxe4 Nxe4 20. Nc6 Nd6 21. Rfe1 Rfe8 22. f3 $14 {
[%csl Gc6,Gd5] 1-0 Genov,P (2499)-Olivier,J (2374)/France 2004/EXT 2005 (56)})
17. Qg4 Qc8 18. Qh4 Bxd5 $146 {I have decided to release the pressure
immediately.} ({In my opinion, White's play could be improved in the following
game:} 18... Qc7 19. Nd4 Rfe8 20. Nf5 (20. Nb5 Qe7 21. Qxe7 Rxe7 $11) (20. Rfe1
$5 Rad8 21. Nf5 $14) 20... Bxd5 21. Rxd5 f6 22. Nd6 Re6 23. Rfd1 Rd8 24. Nb5
Rxd5 25. exd5 Qd7 $11 {1/2 Moiseenko,A (2679)-Kryvoruchko,Y (2640)/Kiev UKR
2011 (37)}) 19. exd5 Re8 {Black has to fight for the open e-file in order to
neutralise the strong passer.} 20. Nd4 ({White can hardly hope to get any
advantage after} 20. Rfe1 Rxe1+ 21. Rxe1 Qd7 22. Qc4 Re8 $11) 20... Qd7 21. Nc6
Re4 $1 {Activating the last piece.} 22. Qg3 Rae8 23. f3 Re2 {All the black
pieces are very active, so White should simplify the position - otherwise he
may be worse.} (23... Re3 $142 {was a bit more accurate, as White cannot swap
all the rooks:} 24. Rde1 (24. Qg4 Qd6 25. Qg3 Qd7 $11) 24... Ne4 $1 25. Qg4 f5
26. Qf4 Rxe1 27. Rxe1 Qxd5 28. Qc1 Re6 29. Nxa7 $11) 24. Rde1 $1 {It's
necessary to exchange the rooks.} f6 25. Rxe2 Rxe2 26. Qb8+ ({After} 26. Rd1
Qe8 {Black has enough counterplay} 27. h4 h5 28. Nxa7 $140 Qa4) ({I would be
quite satisfied with my position also after} 26. Re1 Rxe1+ 27. Qxe1 Kf7 28. Qd1
Na6 $1 $11) 26... Re8 ({Nor was there anything wrong with} 26... Kf7 27. Rd1 (
27. Nd8+ Ke7 28. Nc6+ Kf7 $11) 27... Qe8 28. Qc7+ Kg8 $11) 27. Qxa7 Qxa7 28.
Nxa7 Ra8 29. Nc6 (29. Nb5 Rxa2 $11) 29... Rxa2 30. Rb1 Nd7 $11 {The position
is totally drawn. White's pieces are slightly more active, but Black has
several ways to neutralise it.} 31. Re1 Ne5 $6 {I can hardly explain my
decision. Of course, in the resulting ending White has no winning chances at
all, but why should I give up a pawn?} ({Why not} 31... Kf8 32. Re7 Nc5 (32...
Ne5 33. Rb7 Rd2 $11) 33. Rc7 Rd2 $11) ({Or} 31... Nc5 $11) 32. Nxe5 fxe5 33.
Rxe5 Rd2 {White cannot hold his passed d-pawn.} 34. h4 b5 35. d6 Rxd6 36. Rxb5
Rd4 37. h5 h6 {White cannot make any progress. I believe in any other case
Alexander would have accepted a draw much earlier, but it was a team
competition.} 38. Rf5 Ra4 39. Kh2 Rb4 40. g4 Ra4 41. Kg3 Rb4 42. Rf4 Rb5 43.
Kf2 Rb3 44. Ke2 Ra3 45. Rd4 Rb3 46. Rd3 Rb4 47. Ke3 Ra4 48. Rd4 Ra5 49. Ke4 Rb5
50. Rd5 Rb3 51. f4 Kh7 52. Kf5 Rf3 53. Ke4 1/2-1/2